| 000 | 00831nam a2200229 i 4500 | ||
|---|---|---|---|
| 001 | 161396 | ||
| 003 | ES-MaACL | ||
| 005 | 20250303062548.0 | ||
| 008 | 010724q1900 sp |||| | spa d | ||
| 100 | 1 |
_aPardo Bazán, Emilia, _cCondesa de, _d1851-1921 _9176434 |
|
| 245 | 1 | 0 |
_aEn tranvía _b: (cuentos dramáticos) / _cEmilia Pardo Bazán. |
| 260 |
_aMadrid : _b[s.n., _cca. 1900] ( _fEstab. Tip. de Idamor Moreno) |
||
| 300 |
_a286 p. ; _c19 cm. |
||
| 490 | 1 |
_aObras completas ; _v23 |
|
| 530 | _aDisponible en formato digital. | ||
| 752 |
_aEspaña - _dMadrid |
||
| 830 | 0 |
_aObras completas ; _v23 _9176447 |
|
| 852 |
_aES-MaACL _jB-4102 _z- Enc. hol., conservando cub. original |
||
| 856 |
_uhttp://bdh-rd.bne.es/viewer.vm?id=0000092310&page=1 _zBiblioteca Digital Hispánica |
||
| 942 | _2udc | ||
| 999 |
_c161396 _d161396 |
||